000 00273nam a2200109Ia 4500
008 201224s9999 xx 000 0 und d
100 _aHegde, B K
245 0 _aProduction Management : Texts and cases
260 _aNew Delhi
_bPrentice Hall
300 _a456
942 _cBK
999 _c8911
_d8911